Tharangarangam (Record no. 19993)

MARC details
000 -LEADER
fixed length control field 00461nam a2200145Ia 4500
008 - FIXED-LENGTH DATA ELEMENTS--GENERAL INFORMATION
fixed length control field 211109s9999||||xx |||||||||||||| ||und||
082 ## - DEWEY DECIMAL CLASSIFICATION NUMBER
Classification number 894.812
Item number NAI-T
100 ## - MAIN ENTRY--PERSONAL NAME
Personal name S K Nair,
245 #0 - TITLE STATEMENT
Title Tharangarangam
260 ## - PUBLICATION, DISTRIBUTION, ETC.
Name of publisher, distributor, etc. Mangalodayam Press
Place of publication, distribution, etc. Trichur
Date of publication, distribution, etc. 1958
300 ## - PHYSICAL DESCRIPTION
Extent 124p
630 ## - SUBJECT ADDED ENTRY--UNIFORM TITLE
General subdivision General Stack
650 ## - SUBJECT ADDED ENTRY--TOPICAL TERM
Topical term or geographic name entry element Literature & rhetoric
942 ## - ADDED ENTRY ELEMENTS (KOHA)
Koha item type BOOK
650 ## - SUBJECT ADDED ENTRY--TOPICAL TERM
Form subdivision Literatures of other languagesAltaic, Uralic, Hyperborean & Dravidianmalayalam literature
General subdivision Malayalam
Holdings
Withdrawn status Lost status Source of classification or shelving scheme Damaged status Not for loan Home library Current library Date acquired Cost, normal purchase price Full call number Barcode Shelving location Date last seen Price effective from Koha item type
    Dewey Decimal Classification     SB LIBRARY SB LIBRARY 09/11/2021 1.50 894.8122 NAI-T 00020693 GENERAL STACK 09/11/2021 09/11/2021 BOOK

Powered by Koha